UBT Library

Radio nga valet ne rrjet (Record no. 60746)

000 -LEADER
fixed length control field 00300nam a22001337a 4500
008 - FIXED-LENGTH DATA ELEMENTS--GENERAL INFORMATION
fixed length control field 260105b ||||| |||| 00| 0 eng d
020 ## - INTERNATIONAL STANDARD BOOK NUMBER
International Standard Book Number 9789951581394
041 ## - LANGUAGE CODE
Language code of text/sound track or separate title eng
080 ## - UNIVERSAL DECIMAL CLASSIFICATION NUMBER
Universal Decimal Classification number 004.2
100 ## - Rafti
Rafti 24
101 ## - Shkurtesa
Shkurtesa rad
245 ## - TITLE STATEMENT
Title Radio nga valet ne rrjet
Statement of responsibility, etc Gjylie Rexha
942 ## - ADDED ENTRY ELEMENTS (KOHA)
Source of classification or shelving scheme
Item type Books
Holdings
Withdrawn status Lost status Source of classification or shelving scheme Damaged status Not for loan Collection code Permanent location Current location Date acquired Total Checkouts Barcode Date last seen Copy number Price effective from Koha item type
          Koleksioni i përgjithshem UBT - Lipjan UBT - Lipjan 01/05/2026   002-800070999329 01/05/2026 5 01/05/2026 Books
          Koleksioni i përgjithshem UBT - Lipjan UBT - Lipjan 01/05/2026     01/05/2026 5 01/05/2026 Books
          Koleksioni i përgjithshem UBT - Lipjan UBT - Lipjan 01/05/2026     01/05/2026 6 01/05/2026 Books
          Koleksioni i përgjithshem UBT - Lipjan UBT - Lipjan 01/05/2026     01/05/2026 7 01/05/2026 Books
          Koleksioni i përgjithshem UBT - Lipjan UBT - Lipjan 01/05/2026     01/05/2026 8 01/05/2026 Books
          Koleksioni i përgjithshem UBT - Lipjan UBT - Lipjan 01/05/2026     01/05/2026 9 01/05/2026 Books
UBT Library © 2015-2024. All rights reserved University Education for Business and Technology